Nickelodeon Show by Image Quiz Stats

 Plays Quiz Updated Oct 23, 2018

Score 0/30 Timer 06:00
5 Plays Today
% Correct
SpongeBob SquarePants
95.7%
Rugrats
95.2%
Dora the Explorer
89.1%
The Fairly OddParents
87.2%
Hey Arnold!
82.5%
Doug
78.2%
Drake & Josh
73.4%
Avatar: The Last Airbender
70.9%
Kenan & Kel
67.7%
The Wild Thornberrys
66.6%
The Amanda Show
64.7%
The Ren & Stimpy Show
64.6%
iCarly
61.6%
All That
60.1%
The Angry Beavers
59.5%
% Correct
Rocko's Modern Life
53.8%
Aaahh!!! Real Monsters
46.8%
Are You Afraid of the Dark?
46.5%
Legends of the Hidden Temple
43.9%
Clarissa Explains It All
43.5%
Family Double Dare
41.2%
The Adventures of Pete & Pete
29.2%
Nickelodeon GUTS
26.7%
Salute Your Shorts
25.1%
Figure It Out
24.5%
The Secret World of Alex Mack
21.9%
Hey Dude
20.8%
Eureeka's Castle
16.3%
The Mystery Files of Shelby Woo
8.2%
Get the Picture
3.3%

You're not logged in!

Compare scores with friends on all Sporcle quizzes.
OR
Log In

Sporcle TV

Today on Sporcle TV


Watch our educational content, quiz creation guides, and fun videos on Sporcle TV.

Show Comments

Extras

Top Quizzes Today


Score Distribution

Your Account Isn't Verified!

In order to create a playlist on Sporcle, you need to verify the email address you used during registration. Go to your Sporcle Settings to finish the process.

Report this User

Report this user for behavior that violates our Community Guidelines.

Details: